00527nam a22001457a 4500003000400000005001700004008004100021040001400062100002600076245011300102260000900215300002800224500009800252504003100350OSt20171010095518.0120815t xxu||||| |||| 00| 0 eng d aMMSUcULS aDemandante, Sosima R. aImpact assessment of the swine dispersal program of the Mariano Marcos State UniversitycSosima R. Demadante c2000 axv, 112 leaves c28 cm. aThesis (MS Rural Development) -- Mariano Marcos State University-Graduate School, Laoag City  aBibliography: leaves 93-95